00777nam a22002177a 450000500170000001000150001702000270003203500140005903700150007308200140008824500610010226000450016327000670020830000300027549000360030550000190034170000250036094200280038599900190041395201270043220180711130106.0 aENG-123442 c4995.00a9780199479658 aEN-106974 bDBAD/PUB.  a617.96748 aPaediatric neuroanaesthesia /ced. by Hemanshu Prabhakar aNew DelhibOxford University Pressc2018 a2/11, Ground Floor, Ansari Road, Daryaganj,bNew Delhie110002 axxv,394p.c28cm(Hb)bill. aOxford clinical practice series aIncludes index aPrabhakar, Hemanshu  2ddccENh617.96748mPAE c153826d153826 001040718NFICaDBADbLd2018-07-11eDBAD/PUBg4995.00l0o617.96748 PAEpEN-106974r2018-07-11 00:00:00t1v4995.00yEN